logo

Bir Sreshtho Munshi Abdur Rouf Library
Jhenaidah Cadet College

General chemistry / (Record no. 7331)

MARC details
000 -LEADER
fixed length control field 00710cam a22002657a 4500
001 - CONTROL NUMBER
JCCL Control Number 7331
003 - CONTROL NUMBER IDENTIFIER
JCCL marc code BD-JhCC
005 - DATE AND TIME OF LATEST TRANSACTION
control field 20180519114405.0
008 - FIXED-LENGTH DATA ELEMENTS--GENERAL INFORMATION
fixed length control field 140124s2014 caua e 001 0 eng d
020 ## - INTERNATIONAL STANDARD BOOK NUMBER
International Standard Book Number 9781285418995
020 ## - INTERNATIONAL STANDARD BOOK NUMBER
International Standard Book Number 1285418999
035 ## - SYSTEM CONTROL NUMBER
system control number (BD-JhCC)7331
040 ## - CATALOGING SOURCE
Original cataloging agency H2E
Transcribing agency H2E
Modifying agency OCLCO
-- DLC
-- BD-JhCC
041 ## - LANGUAGE CODE
Language code of Book eng
050 00 - LIBRARY OF CONGRESS CALL NUMBER
Classification number QD31.3
Item number .G46 2014
082 ## - DEWEY DECIMAL CLASSIFICATION NUMBER
Classification number 540
Author mark and Year TIM
100 ## - MAIN ENTRY--PERSONAL NAME
Personal name Timm, John Arrend
245 00 - TITLE STATEMENT
Title General chemistry /
Statement of responsibility, etc John Arrend Timm
250 ## - EDITION STATEMENT
Edition statement Preliminary ed., course companion.
260 ## - PUBLICATION, DISTRIBUTION, ETC. (IMPRINT)
Place of publication, distribution, etc Belmont, Calif. :
Name of publisher, distributor, etc Brooks/Cole,
Date of publication, distribution, etc c2014.
300 ## - PHYSICAL DESCRIPTION
Pagination 647 p. :
Other physical details col. ill. ;
Dimensions 29 cm.
650 #0 - SUBJECT ADDED ENTRY--TOPICAL TERM
Topical term or geographic name as entry element Chemistry
Form subdivision Textbooks.
942 ## - ADDED ENTRY ELEMENTS (KOHA)
Source of classification or shelving scheme Dewey Decimal Classification
Koha item type Books
Holdings
Source of classification or shelving scheme Damaged status Not for loan Home library Current library Shelving location Total Checkouts Full call number Barcode Date last seen Copy number Koha item type
Dewey Decimal Classification     JCC Rouf Library JCC Rouf Library General Stacks   540 TIM 9983 02/08/2018 C - 1 Books

JCC Library | Contacts | JCC Home

Last Update on 23 September 2017
Copyright @ 2017-2020 JCC Rouf Library
Rouf Library, Jhenidah Cadet College (JCC), Bangladesh